000 00738cab a2200229 4500
001 WB2931-78
008 090401t1993 xxu||||| |||| 00| 0 eng d
035 _a(Sirsi) u6102
041 _aeng
245 _aUrban revival bodies `running late`
260 _c1993
350 _a0
490 _aGuardian
_v25 August 1993, 7
490 _aFinancial Times
_v25 August 1993, 5(1)
520 _aA National Audit Office report warns that some corporations set up to attract investment and jobs are unlikely to meet their targets by the time they are due to be wound up.
650 _aNATIONAL AUDIT OFFICE
650 _aUDCS
650 _aURBAN DEVELOPMENT CORPORATIONS
690 _aURBAN RENEWAL
942 _n0
948 _c04/03/1997
999 _c3662
_d3662